000 00614nam a2200205Ia 4500
003 IN-BaIIA
008 211028s9999 xx 000 0 eng d
020 _a978-0-387-98384-4
040 _cIIA Library
080 _a530.145
_bZAG
100 _aZagoskin, Alexandre M
_925459
245 0 _aQuantum theory of many-body systems
_btechniques and applications
_cAlexandre M Zagoskin
260 _aNew York
_bSpringer-Verlag
_c1998
300 _axiv, 229p.
650 _aGreen's functions
_925460
650 _aMany-Body theory
_925461
650 _aQuantum theory
650 _aSuperconductivity
_91933
942 _cBK
999 _c14375
_d14375